00618nam a22001577a 4500008004100000020001500041050002000056100002400076245012700100260005300227300002400280500005100304650004200355650004200397700002100439161101b xxu||||| |||| 00| 0 eng d a0963599712 aR 733 .B87 1993 a Burroughs, Hugh G. aAlternative Healing:bthe complete A-Z guide to over 160 different alternative therapies/cHugh Burroughs and Mark Kastner aLa Mersa, California:bHalcyon Publishing,c1993 axx, 346p. :bill. ; aIncludes bibliographical references and index. aAlternative medicine.xPopular works. aAlternative medicine.xEncyclopedias. aKastner, Mark A.